Síntesis de las estrategias nacionales en favor de las poblaciones y áreas más afectadas por la extrema pobreza, los conflictos y el desarraigo

Kaydedildi:
Detaylı Bibliyografya
Müşterek Yazar: Naciones Unidas
Materyal Türü: Metin
Baskı/Yayın Bilgisi: México D.F.: Naciones Unidas
Etiketler: Etiketle
Etiket eklenmemiş, İlk siz ekleyin!

MARC

LEADER 00000 a a2200000 04500
001 23112
003
040
090 |a 159500  
110 |a Naciones Unidas  
245 |a Síntesis de las estrategias nacionales en favor de las poblaciones y áreas más afectadas por la extrema pobreza, los conflictos y el desarraigo  
260 |a México D.F.:   |b Naciones Unidas  
300 |a 68 p.  
999 |c 14620  |d 14620